书目信息 |
| 题名: |
演讲口才的技巧
|
|
| 作者: | 曾强 编著 | |
| 分册: | ||
| 出版信息: | 北京 大众文艺出版社 2009.11 |
|
| 页数: | 233页 | |
| 开本: | 21cm | |
| 丛书名: | 向卡耐基学习 | |
| 单 册: | ||
| 中图分类: | H091-49 | |
| 科图分类: | ||
| 主题词: | 演讲--yan jiang--语言艺术--通俗读物 | |
| 电子资源: | ||
| ISBN: | 978-7-80094-100-9 | |
| 000 | 01272nam 2200265 450 | |
| 001 | 012010787341 | |
| 005 | 20100408100712.00 | |
| 010 | @a978-7-80094-100-9@dCNY29.80 | |
| 100 | @a20100408d2009 em y0chiy0120 ea | |
| 101 | 0 | @achi |
| 102 | @aCN@b110000 | |
| 105 | @ay z 000yy | |
| 106 | @ar | |
| 200 | 1 | @a演讲口才的技巧@Ayan jiang kou cai de ji qiao@d= Learn from Mr.dale carnegie@f曾强编著@Fzeng qiang bian zhu@zeng |
| 210 | @a北京@c大众文艺出版社@d2009.11 | |
| 215 | @a233页@d21cm | |
| 225 | 2 | @a向卡耐基学习@Axiang ka nai ji xue xi |
| 330 | @a本书主要介绍了戴尔·卡耐基出生于1888年11月24日,逝世于1955年11月1日,享年67岁。卡耐基是20世纪最伟大的成功学大师,一生致力于人性问题的研究,并运用心理学和社会学知识对人类的心理特点进行探索和分析,发展出一套涵盖演讲、推销、为人之道、处世智慧和智力、潜能开发于一体的成功学教育方式。半个多世纪以来,卡耐基以他对人性的超凡洞见,利用大量普通人通过不断努力取得成功的真实故事,唤起了无数迷茫者的斗志,鼓舞起无数进取者的信心,使千千万万的人从中获益匪浅。 | |
| 410 | 0 | @12001 @a向卡耐基学习 |
| 510 | 1 | @aLearn from Mr.dale carnegie@zeng |
| 606 | 0 | @a演讲@Ayan jiang@x语言艺术@j通俗读物 |
| 690 | @aH091-49@v4 | |
| 701 | 0 | @a曾强@Azeng qiang@4编著 |
| 801 | 0 | @aCN@bQSSK@c20100408 |
| 905 | @b776137-39@dH091-49@eZ027@f3 | |
| 演讲口才的技巧= Learn from Mr.dale carnegie/曾强编著.-北京:大众文艺出版社,2009.11 |
| 233页;21cm.-(向卡耐基学习) |
| ISBN 978-7-80094-100-9:CNY29.80 |
| 本书主要介绍了戴尔·卡耐基出生于1888年11月24日,逝世于1955年11月1日,享年67岁。卡耐基是20世纪最伟大的成功学大师,一生致力于人性问题的研究,并运用心理学和社会学知识对人类的心理特点进行探索和分析,发展出一套涵盖演讲、推销、为人之道、处世智慧和智力、潜能开发于一体的成功学教育方式。半个多世纪以来,卡耐基以他对人性的超凡洞见,利用大量普通人通过不断努力取得成功的真实故事,唤起了无数迷茫者的斗志,鼓舞起无数进取者的信心,使千千万万的人从中获益匪浅。 |
| ● |
| 相关链接 |
|
|
|
正题名:演讲口才的技巧
索取号:H091-49/Z027
 
预约/预借
| 序号 | 登录号 | 条形码 | 馆藏地/架位号 | 状态 | 备注 |
| 1 | 776137 | 207761377 | 语言库209/504自科库 45排6列5层/ [索取号:H091-49/Z027] | 在馆 | |
| 2 | 776138 | 207761386 | 语言库209/209语言库 68排4列6层/ [索取号:H091-49/Z027] | 在馆 | |
| 3 | 776139 | 207761395 | 语言库209/209语言库 68排4列6层/ [索取号:H091-49/Z027] | 在馆 |